|
|
|
|
| LEADER |
00000naa a2200000uu 4500 |
| 001 |
vtls010933090 |
| 003 |
SK-MaSNL |
| 005 |
20260302122525.0 |
| 008 |
210824|2000 xo |||||||||||||||||eng| |
| 015 |
|
|
|a SNBRA
|
| 035 |
|
|
|a (urnnbn)urn:nbn:sk:snk:ar-a0b5ha
|
| 035 |
|
|
|a (uuid)e6eb3360-adac-41f2-9478-b11ed8a893ab
|
| 035 |
|
|
|a urn:nbn:sk:snk-aatxwm
|
| 040 |
|
|
|a SNKBUCL
|b slo
|c SNKBUCL
|e AACR2
|
| 041 |
0 |
|
|a eng
|
| 044 |
|
|
|a xo
|c SK
|
| 100 |
1 |
|
|a Pawlik, Kazimierz
|4 aut
|9 806219
|
| 245 |
1 |
0 |
|a SUMMARY OF A CONTROL SYSTEM FOR A SELF-ADVANCING, HYDRAULIC SUPPORTS FOR A MINING INDUSTRY
|c Kazimierz Pawlik, Krzysztof Kotwica, Piotr Gospodarczyk
|
| 700 |
1 |
|
|a Kotwica, Krzysztof
|4 aut
|9 806164
|
| 700 |
1 |
|
|a Gospodarczyk, Piotr
|4 aut
|9 806165
|
| 773 |
0 |
|
|t ICCC'2000
|d Košice : Technical University, 2000, 2000
|g S. 411-414
|z 8070995106
|
| 958 |
|
|
|a OND
|
| 958 |
|
|
|a article11
|
| 958 |
|
|
|a chapter
|
| 999 |
|
|
|c 1278413
|d 1280343
|